| Поле | Инд. | ПП | Название | Значение |
|---|---|---|---|---|
| Тип записи | a | |||
| Библиографический уровень | b | |||
| 001 | Контрольный номер | RU/IS/BASE/293113920 | ||
| 005 | Дата корректировки | 20220715140324.5 | ||
| 008 | Кодируемые данные | 20090415 | ||
| 040 | b | Код языка каталог. | rus | |
| e | Правила каталог. | PSBO | ||
| 041 | 0_ | a | Код языка текста | rus |
| 084 | a | Индекс другой классификации/Индекс ББК | 60.021; 60.52 | |
| 100 | 1_ | a | Автор | Докторович А. Б. |
| q | Полное имя | Докторович Анатолий Борисович | ||
| 245 | 10 | a | Заглавие | Социальный потенциал: социальные взаимодействия и отношения |
| 500 | a | Примечание | Продолжение серии публикации автора. Первая публикация: "Социальный потенциал: системное исследование и анализ развития" //Вестн. Моск. Ун-та. Сер.18. Социология и политология. - 2007. - № 3. - С. 105 - 118 | |
| 504 | a | Библиография | Библиогр. ссылки. - Примеч. | |
| 650 | 14 | a | Основная рубрика | социальная философия |
| a | Основная рубрика | социология | ||
| a | Основная рубрика | философия | ||
| 653 | a | Ключевые слова | культура | |
| a | Ключевые слова | наука | ||
| a | Ключевые слова | социальная дифференциация | ||
| a | Ключевые слова | социальная интерференция | ||
| a | Ключевые слова | социальное пространство | ||
| a | Ключевые слова | социальные взаимодействия | ||
| a | Ключевые слова | социальные отношения | ||
| a | Ключевые слова | социальные поля | ||
| a | Ключевые слова | социальный потенциал | ||
| a | Ключевые слова | экономика | ||
| 773 | 08 | t | Заглавие источника | Вестник Московского университета. Серия 18, Социология и политология |
| d | Дата издания источника | 2008 | ||
| g | Прочая информация | № 4. - С. 35 - 46 : рис. | ||
| w | Контрольный № источника | RU/IS/BASE/292076337 | ||
| 901 | t | Тип документа | b |